Responses for show #3506 - Monday, November 29, 1999

Contestants

[<< previous game]

Chris Schlekat, an environmental scientist from Menlo Park, California

Debbie Fawcett, a medical biller from Ronkonkoma, New York

Sharon Glickman, a comptroller from Coral Springs, Florida (whose 1-day cash winnings total $9,201)

[next game >>]

Jeopardy! Round responses

BIBLICAL VOICES
THE "A" LIST
MYTH & MAGIC
BEFORE & AFTER
FOREIGN-BORN YANKS
JOHNNY GILBERT ROCKS!
(Alex: Last season, we had JOHNNY GILBERT DOES SHAKESPEARE; it proved to be so popular that our viewers wanted us to feature him again, and that's what we're doing today!)
    $100 23
Lazarus

Debbie
    $100 1
Argentinian

Chris
    $100 2
a black cat

Sharon
    $100 6
(Sharon: Who is Truman Capote?)

Harry S. Truman Capote

SharonChris
    $100 11
Samuel Goldwyn

Debbie
    $100 14
"Yesterday"

Chris
    $200 24
Peter

Triple Stumper
    $200 7
Australian

Debbie
    $200 3
garlic

Chris
    $200 27
[The end-of-round signal sounds.]

Mount Vernon Jordan

Sharon
    $200 12
Madeleine Albright

Chris
    $200 18
(Debbie: What is [*]?)
(Alex: Right. Hey, JOHNNY ROCKS! is good!)

"Jailhouse Rock"

Debbie
    $300 22
(Alex: ...with less than a minute to go...)

Isaac

Debbie
    $300 8
Austrian

Chris
    $300 4
tarot

Sharon
    $300 15
Knute Rockne

Chris
    $300 19
(Debbie: What is "The Graduate"?)
...
(Alex: [*], yes. The film was The Graduate; not the song.)

"Mrs. Robinson"

SharonDebbie
    $1,000 25
John the Baptist

Debbie
    $400 9
Afghanistanian

Sharon
    $400 5
an aura

Debbie
    $400 16
(Sharon: Who is Jennings?)

Ted Koppel

SharonChris
    $400 20
(Debbie: What is "La Viva Loca"?)
(Alex: The what?)
(Debbie: "La Vida Loca".)
(Alex: "La Vida Loca", yes. [*] is the complete title.)

"Livin' La Vida Loca"

Debbie
    $500 26
Saul

Triple Stumper
    $500 10
Angolan

Chris
    $500 13
henna

Debbie
    $500 17
Isaac Asimov

Triple Stumper
    $500 21
(Alex: And our thanks, of course, to Johnny Gilbert! Johnny Gilbert's still rockin' after all these years!)

"Hotel California"

Chris

Scores at the first commercial break (after clue 15):

Sharon Debbie Chris
$700 $1,200 $1,800

Scores at the end of the Jeopardy! Round:

Sharon Debbie Chris
$800 $2,900 $2,700

Double Jeopardy! Round responses

RUSSIAN CITIES
FRED ASTAIRE FILMS
WORD ORIGINS
AMERICAN NICKNAMES
4 OUT OF 5
DOCTORS
    $200 5
Moscow

Debbie
    $200 25
The Towering Inferno

Sharon
    $200 1
Handlebar

Sharon
    $200 7
Thomas P. "Tip" O'Neill

Debbie
    $200 20
Hearing, sight, smell, taste, touch

Debbie
    $200 15
Dr. Pepper

Sharon
    $400 6
(C: What is the Olga?)

Volga

SharonChris
    $400 26
Easter Parade

Sharon
    $400 2
Mall (from Pall Mall)

Debbie
    $400 8
David Berkowitz

Debbie
    $400 21
Bart, Homer, Lisa, Maggie & Marge Simpson

Chris
    $400 16
Julius Erving

Sharon
    $600 12
Engels

Triple Stumper
    $600 27
(buzzer sounds)

Shall We Dance?

Triple Stumper
    $600 3
Maharani

Triple Stumper
    $600 9
Irving "Swifty" Lazar

Sharon
    $600 23
(S: What are Genesis, Exodus, Leviticus and...(time)?
(we have less than a minute to go...)

Genesis, Exodus, Leviticus, Numbers & Deuteronomy

SharonChris
    $600 17
Dr. Seuss (Theodor Geisel)

Debbie
    $800 13
Arkhangelsk (Archangel)

Triple Stumper
    $800 4
Plaster of Paris

Chris
    $800 10
Amy Fisher

Sharon
    $800 24
Alpha, beta, gamma, delta, epsilon

Sharon
    $1,500 18
Dr. Benjamin Spock

Debbie
    $900 14
(C: What is the Bolshoi?)

Kirov

Chris
    $1000 22
Pedigree

Triple Stumper
    $1000 11
Alfonse D'Amato

Chris
    $1000 19
"Doctor Zhivago"

Debbie

Scores at the end of the Double Jeopardy! Round:

Sharon Debbie Chris
$4,200 $7,400 $4,200

[wagering suggestions for these scores]

Final Jeopardy! Round responses

U.S. STATES
SharonWhat is Bismarck
$2,200
ChrisWhat is Santa Fe, New Mexico?
$4,199
DebbieWhat is Raleigh North Carol
$3,000
New Mexico (Santa Fe)

Final scores:

Sharon Debbie Chris
$2,000 $4,400 $8,399
3rd place: Yahoo! Shopping Gift Certificate/Shopping Spree 2nd place: Gateway 466C Desktop Computer & Broyhill Functional Computer Home Office Cabinet New champion: $8,399

Game dynamics:

Coryat scores:

Sharon Debbie Chris
$4,200 $6,100 $5,100
14 R,
3 W
17 R
(including 2 DDs),
1 W
14 R,
2 W
(including 1 DD)

Combined Coryat: $15,400

The J! Archive is created by fans, for fans. Scraping, republication, monetization, and malicious use prohibited; this site may use cookies and collect identifying information. See terms. The Jeopardy! game show and all elements thereof, including but not limited to copyright and trademark thereto, are the property of Jeopardy Productions, Inc. and are protected under law. This website is not affiliated with, sponsored by, or operated by Jeopardy Productions, Inc. Join the discussion at JBoard.tv.